MIEJSCE, W KTÓRYM MOŻNA ZROBIĆ REZERWACJĘ: - Statystyki

Ogólne statystyki
  • Ten quiz został rozwiązany 29 razy
  • Średni wynik to 3 z 6
Statystyki odpowiedzi
Odpowiedź % Poprawnych
HOTEL
82%
RESTAURACJA
77%
KINO
55%
TEATR
45%
KLUB
27%
PRZYCHODNIA
9%
Nie znaleziono quizów pasujących do podanych kryteriów
Rozkład punktacji
Procent ludzi z każdym wynikiem
Percentyl według liczby udzielonych odpowiedzi
Twoja historia wyników
Nie rozwiązałeś tego quizu